Biggest Cities in Kentucky in 1950 - Statistics

General Stats
  • This quiz has been taken 75 times
  • The average score is 11 of 20
Answer Stats
Population County Answer % Correct
55,534 Fayette Lexington
98%
369,129 Jefferson Louisville
98%
18,347 Warren Bowling Green
92%
64,452 Kenton Covington
88%
33,651 Daviess Owensboro
86%
11,916 Franklin Frankfort
84%
32,828 McCracken Paducah
73%
31,044 Campbell Newport
63%
12,526 Christian Hopkinsville
57%
10,268 Madison Richmond
57%
31,131 Boyd Ashland
55%
16,837 Henderson Henderson
43%
11,132 Hopkins Madisonville
35%
7,744 WhitleyKnox Corbin
33%
14,482 Bell Middlesboro
29%
9,226 Clark Winchester
27%
8,686 Boyle Danville
24%
10,870 Campbell Fort Thomas
22%
8,977 Campbell Dayton
12%
9,040 Campbell Bellevue
10%
No matching quizzes found
Score Distribution
Percent of People with Each Score
Percentile by Number Answered
Your Score History
You have not taken this quiz